Ophthalmology : (Record no. 1817)

MARC details
000 -LEADER
fixed length control field 01234cam a2200337 a 4500
001 - CONTROL NUMBER
control field 3087987
003 - CONTROL NUMBER IDENTIFIER
control field OSt
005 - DATE AND TIME OF LATEST TRANSACTION
control field 20230928074327.0
008 - FIXED-LENGTH DATA ELEMENTS--GENERAL INFORMATION
fixed length control field 980512s1999 enka 001 0 eng
010 ## - LIBRARY OF CONGRESS CONTROL NUMBER
LC control number 98020747
020 ## - INTERNATIONAL STANDARD BOOK NUMBER
International Standard Book Number 0723431213
035 ## - SYSTEM CONTROL NUMBER
System control number (DLC) 98020747
040 ## - CATALOGING SOURCE
Original cataloging agency DNLM/DLC
Transcribing agency DLC
Modifying agency DLC
050 00 - LIBRARY OF CONGRESS CALL NUMBER
Classification number RE76
Item number .K367 1999
060 10 - NATIONAL LIBRARY OF MEDICINE CALL NUMBER
Classification number WW 141 K165o 1999
082 00 - DEWEY DECIMAL CLASSIFICATION NUMBER
Classification number WW 141 K130 1999
Edition number 21
100 1# - MAIN ENTRY--PERSONAL NAME
Personal name Kanski, Jack J.; Nischal, Ken K.; Milewski, Stanislaw A.
9 (RLIN) 337
245 10 - TITLE STATEMENT
Title Ophthalmology :
Remainder of title clinical signs and differential diagnosis
260 ## - PUBLICATION, DISTRIBUTION, ETC. (IMPRINT)
Place of publication, distribution, etc. London ;
-- Philadelphia :
Name of publisher, distributor, etc. Mosby,
Date of publication, distribution, etc. c1999.
300 ## - PHYSICAL DESCRIPTION
Extent ix, 485 p. :
Other physical details col. ill. ;
Dimensions 29 cm.
500 ## - GENERAL NOTE
General note Includes index.
650 #0 - SUBJECT ADDED ENTRY--TOPICAL TERM
Topical term or geographic name as entry element Eye
General subdivision Diseases
-- Diagnosis.
9 (RLIN) 4681
650 #0 - SUBJECT ADDED ENTRY--TOPICAL TERM
Topical term or geographic name as entry element Diagnosis, Differential.
9 (RLIN) 1614
650 12 - SUBJECT ADDED ENTRY--TOPICAL TERM
Topical term or geographic name as entry element Eye Diseases
General subdivision diagnosis.
9 (RLIN) 2638
650 22 - SUBJECT ADDED ENTRY--TOPICAL TERM
Topical term or geographic name as entry element Diagnosis, Differential.
9 (RLIN) 1614
856 41 - ELECTRONIC LOCATION AND ACCESS
Materials specified Table of contents
Uniform Resource Identifier http://www.loc.gov/catdir/toc/fy042/98020747.html
906 ## - LOCAL DATA ELEMENT F, LDF (RLIN)
a 7
b cbc
c orignew
d 1
e ocip
f 19
g y-gencatlg
942 ## - ADDED ENTRY ELEMENTS (KOHA)
Source of classification or shelving scheme Other/Generic Classification Scheme
Koha item type Short Loan
Holdings
Withdrawn status Lost status Source of classification or shelving scheme Damaged status Not for loan Home library Current library Date acquired Source of acquisition Coded location qualifier Inventory number Total Checkouts Full call number Barcode Date last seen Koha item type
    Other/Generic Classification Scheme     MUST Main Library MUST Main Library 21/05/2015 Purchase Purchase 01/15206   WW 141 K130 1999 2015-1513 21/05/2015 Short Loan